000
00209 a2200097 4500
001
34626
100
_a
Hunt, Roger
245
_a
Computers and Common Sense
260
_a
ND
_b
PHI
_c
1988
090
_c
22909
_d
22909
942
_a
NUST-CAE
_c
M
_c
14346
999
_c
269699
_d
269699